000
00320nam a2200133Ia 4500
005
20260328104331.0
008
260328s9999||||xx |||||||||||||| ||und||
100
_a
Milstein, Jeffrey
245
0
_a
Paris From the Air /
_c
Jeffrey Milstein
260
_b
Rizzoli
300
_a
219 p.
650
_a
FOTOGRAFÍA
942
_c
BK
999
_c
11721
_d
11721